| 000 | 00759 a2200193 4500 | ||
|---|---|---|---|
| 003 | NUST | ||
| 005 | 20251218131714.0 | ||
| 040 | _cNust | ||
| 082 | _a621.382,AMI | ||
| 100 |
_aNaila Amir (TCC-22) _9132431 |
||
| 245 |
_aLocalization of GSM devices in intended area / _bNaila Amir, Saba Manzoor and M. Haid Raza. TCC-22 |
||
| 260 |
_aRawalpindi _bMCS (NUST) _cJune 2014 |
||
| 300 | _a63 p.; | ||
| 505 | _aIntroduction (Page-13), Literature Review (Page-16), Design and Development (Page-37), Analysis and Development (Page-37), Analysis and Evaluation (Page-44), Future Work (Page-55), References (Page-63). | ||
| 650 |
_aUG Project _9131132 |
||
| 651 |
_aTCC-22 _9131223 |
||
| 700 |
_aSupervised by Maj (R) Imtiaz Ahmed Kokhar _9132432 |
||
| 942 |
_cPR _2ddc |
||
| 999 |
_c212135 _d212135 |
||